Pharmacy and medicine in Ancient Egypt : proceedings of the conference held in Barcelona (2018) /

This volume presents the proceedings of the 3rd International Conference on Pharmacy and Medicine in Ancient Egypt (Barcelona, October 2018) showcasing the most recent pharmaceutical and medical studies on human remains and organic and plant material from ancient Egypt, together with discussions on...

وصف كامل

محفوظ في:

مؤلف مشترك: International Conference on Pharmacy and Medicine in Ancient Egypt Barcelona, Spain)

مؤلفون آخرون: Dinarès Solà, Rosa (المحرر), Fernandez Georges, Mikel (المحرر), Guasch Jané, Maria Rosa (المحرر)

التنسيق: وقائع المؤتمر كتاب الكتروني

اللغة: English

منشور في: Oxford : Archaeopress Publishing Ltd, 2021.

سلاسل: Archaeopress Egyptology ; 34.

الموضوعات:

الوصول للمادة أونلاين: Login to view Source

الوسوم: إضافة وسم

لا توجد وسوم, كن أول من يضع وسما على هذه التسجيلة!

رقم الطلب: RS63

LEADER 02326nam a2200469 i 4500
001 EDZ0002565888
003 StDuBDS
005 20230412182939.0
006 m|||||o||d||||||||
007 cr |||||||||||
008 210628s2021 enka fob 100|0|eng|d
020 |a 9781789697711 (PDF ebook) :  |c No price 
040 |a StDuBDS  |b eng  |c StDuBDS  |e rda  |e pn 
050 4 |a RS63 
082 0 4 |a 615.0932  |2 23 
111 2 |a International Conference on Pharmacy and Medicine in Ancient Egypt  |n (3rd :  |d 2018 :  |c Barcelona, Spain),  |j creator. 
245 1 0 |a Pharmacy and medicine in Ancient Egypt :  |b proceedings of the conference held in Barcelona (2018) /  |c edited by Rosa Dinarès Solà, Mikel Fernandez Georges, Maria Rosa Guasch Jané. 
264 1 |a Oxford :  |b Archaeopress Publishing Ltd,  |c 2021. 
300 |a 1 online resource (156 pages) :  |b illustrations. 
336 |a text  |2 rdacontent 
336 |a still image  |2 rdacontent 
337 |a computer  |2 rdamedia 
338 |a online resource  |2 rdacarrier 
490 1 |a Archaeopress Egyptology ;  |v 34 
500 |a Also issued in print: 2021. 
504 |a Includes bibliographical references. 
520 8 |a This volume presents the proceedings of the 3rd International Conference on Pharmacy and Medicine in Ancient Egypt (Barcelona, October 2018) showcasing the most recent pharmaceutical and medical studies on human remains and organic and plant material from ancient Egypt, together with discussions on textual and iconographical evidence. 
521 |a Specialized. 
588 |a Description based on online resource; title from PDF title page (viewed on July 16, 2021). 
650 0 |a Pharmacy  |z Egypt  |x History  |v Congresses. 
650 0 |a Medicine  |z Egypt  |x History  |v Congresses. 
651 0 |a Egypt  |x Antiquities  |v Congresses. 
651 0 |a Egypt  |x Civilization  |y To 332 B.C.  |v Congresses. 
700 1 |a Dinarès Solà, Rosa,  |e editor. 
700 1 |a Fernandez Georges, Mikel,  |e editor. 
700 1 |a Guasch Jané, Maria Rosa,  |e editor. 
776 0 8 |i Print version :  |z 9781789697704 
830 0 |a Archaeopress Egyptology ;  |v 34. 
856 4 0 |3 Archaeopress  |u http://library.arce.org:8087/Archaeopress/Products/9781789697704 
942 |2 lcc  |c EBOOK 
952 |0 0  |1 0  |4 0  |6 RS0063  |7 1  |9 46764  |a ARCH  |b ARCH  |d 2023-04-12  |l 0  |o RS63  |r 2023-04-12 00:00:00  |w 2023-04-12  |y EBOOK 
999 |c 52422  |d 52422